Rammstein Albums - Statistics

General Stats
  • This quiz has been taken 110 times
  • The average score is 7 of 22
Answer Stats
Year Album % Correct
1995 Herzeleid
87%
2001 Mutter
87%
2019 Rammstein
85%
2004 Reise, Reise
85%
1997 Sehnsucht
83%
2009 Liebe ist für alle da
79%
2005 Rosenrot
79%
2015 Raritäten
41%
2011 Made in Germany
39%
2017 Paris
23%
2006 Völkerball
15%
1998 Du Riechst so Gut
5%
2015 Rammstein in Amerika
5%
2015 XXI Klavier
2%
1998 Brachiale Gewalt
0%
2004 Das Spiel mit dem Feuer
0%
2002 Der Musikalische Staub
0%
2001 Im Reich Der Sonne
0%
2001 Muttertag
0%
2013 Pocket Symphonies
0%
1997 Propheten der Apokalypse
0%
2008 The Best Of
0%
No matching quizzes found
Score Distribution
Percent of People with Each Score
Percentile by Number Answered
Your Score History
You have not taken this quiz